| 000 | 01114cam a2200313Mi 4500 | ||
|---|---|---|---|
| 001 | ocn690505825 | ||
| 003 | TZ-ArACH | ||
| 005 | 20130916172923.0 | ||
| 008 | 100901t20102010fr f pb 001 0 fre d | ||
| 020 | _a9782729856984 (br) | ||
| 020 | _a2729856986 (br) | ||
| 035 | _a(OCoLC)690505825 | ||
| 040 |
_aZWZ _encafnor _bfre _cTZ-ArACH |
||
| 041 | _aFre | ||
| 049 | _aTZAA | ||
| 050 |
_aJZ1305 _b.Z37 |
||
| 082 | 0 | 4 |
_a327 _222 |
| 100 | 1 |
_aZarka, Jean-Claude _d(1967-....). _eAuteur. _913616 |
|
| 245 | 1 | 0 |
_aRelations internationales _h[Texte imprimé] / _cJean-Claude Zarka,.... |
| 250 | _a4e édition, mise à jour et enrichie. | ||
| 260 |
_aParis : _bEllipses, _c2010. |
||
| 300 |
_a1 vol. (187 p.) : _bcouv. ill. ; _c22 cm. |
||
| 490 | 1 | _aMise au point | |
| 504 | _aBibliogr. p.173-[174]. Notes bibliogr. Index. | ||
| 650 | 7 |
_aRelations internationales _y1945-.... _xManuels d'enseignement supérieur. _2ram _913617 |
|
| 830 | 0 |
_aMise au point (Paris. 1998) _913618 |
|
| 942 |
_2lcc _cBOOK |
||
| 999 |
_c2786 _d2786 |
||